Od Európskeho spoločenstva uhlia a ocele k spoločnej mene euro bakalárska práca

Uložené v:
Podrobná bibliografia
Hlavný autor: Hečková, Martina
Korporativný autor: Národohospodárska fakulta EU. Katedra hospodárskej politiky
Ďalší autori: Chandoga, Roman
Médium: Kniha
Jazyk:Slovak
Vydavateľské údaje: Bratislava 2012
Tagy: Pridať tag
Žiadne tagy, Buďte prvý, kto otaguje tento záznam!

MARC

LEADER 00000nbm a2200000 4500
001 0158631
005 20161109112002.5
041 0 |a slo 
044 |a SK 
245 1 0 |a Od Európskeho spoločenstva uhlia a ocele k spoločnej mene euro  |b bakalárska práca  |c Martina Hečková ; školiteľ: Roman Chandoga 
264 1 |a Bratislava  |c 2012 
300 |a 41 s. 
100 1 |a Hečková, Martina 
700 1 |a Chandoga, Roman 
710 2 |a Národohospodárska fakulta EU. Katedra hospodárskej politiky